000 00550nam a2200205Ia 4500
005 20250923144904.0
008 008 250917s9999 xx 000 0 eng d
037 _aTextual
040 _aDSWL
_beng
_cDSWL
041 _aeng
_2eng
084 _aXN51, J7.1
_qDSWL
100 _aMasani, R.P.
_9829474
245 4 _aThe Five Gifts
_cby R.P. Masani
260 _aLondon
_bCollins St. James Place
_c1957
300 _a192p.
365 _aINR
_b15
925 _g15
942 _cTEXL
_hXN51, J7.1
999 _c1444616
_d1444616